La Agricultura y el desarrollo económico y regional. (Record no. 184828)

MARC details
000 -LEADER
campo de control de longitud fija 00909nam a2200193 i 4500
001 - NÚMERO DE CONTROL
campo de control 184828
003 - IDENTIFICADOR DE NÚMERO DE CONTROL
campo de control ES-MaACL
005 - FECHA Y HORA DE LA ÚLTIMA TRANSACCIÓN
campo de control 20250811091924.0
008 - DATOS DE LONGITUD FIJA--INFORMACIÓN GENERAL
campo de control de longitud fija 160203s1964 sp |||| | spa d
245 03 - MENCIÓN DEL TÍTULO
Título La Agricultura y el desarrollo económico y regional.
260 ## - PUBLICACIÓN, DISTRIBUCIÓN, ETC.
Lugar de publicación, distribución, etc. Madrid :
Nombre del editor, distribuidor, etc. [Servicio Nacional de Concentración Parcelaria y Ordenación Rural],
Fecha de publicación, distribución, etc. 1964 (
Fabricante Gráf. E. Casado)
300 ## - DESCRIPCIÓN FÍSICA
Extensión 106 p., 6 h. graf. pleg. :
Otras características físicas il. ;
Dimensiones 24 cm.
490 1# - MENCIÓN DE SERIE
Mención de serie Ministerio de Agricultura. Servicio Nacional de Concentración Parcelaria y Ordenación Rural. Serie Monográfica ;
Designación de volumen o secuencia 12
650 04 - PUNTO DE ACCESO ADICIONAL DE MATERIA--TÉRMINO DE MATERIA
Término de materia o nombre geográfico como elemento de entrada Agricultura-
Subdivisión geográfica España.
9 (RLIN) 9680
710 0# - ENTRADA AGREGADA--NOMBRE DE ENTIDAD CORPORATIVA
Nombre de entidad corporativa o nombre de jurisdicción como elemento de entrada España.
Unidad subordinada Servicio Nacional de Concentración Parcelaria y Ordenación Rural.
9 (RLIN) 3982
830 00 - PUNTO DE ACCESO ADICIONAL DE SERIE-TÍTULO UNIFORME
Título uniforme Ministerio de Agricultura.
Nombre de parte o sección de la obra Servicio Nacional de Concentración Parcelaria y Ordenación Rural
Designación de volumen o secuencia 12
9 (RLIN) 225138
852 ## - LOCALIZACIÓN
Ubicación ES-MaACL
Número de control de estantería C-26255
Holdings
Estatus retirado Estado de pérdida Estado de daño No para préstamo Biblioteca de origen Biblioteca actual Ubicación en estantería Fecha de adquisición Fuente de adquisición Total de préstamos Signatura topográfica completa Código de barras Visto por última vez Precio de reemplazo Tipo de ítem Koha
        Biblioteca del Ateneo de Madrid Biblioteca del Ateneo de Madrid Depósito 2 03/02/2016     C-26255 1194655 23/02/2023 23/02/2023 Libro impreso